| 000 | 00592nam a2200169Ia 4500 | ||
|---|---|---|---|
| 008 | 100122s9999 xx 000 0 und d | ||
| 082 |
_b15177 _a824 |
||
| 100 | _aकामतीकर प्रकाश | ||
| 245 | _aस्वप्नगंधा | ||
| 260 |
_bविजय प्रकाशन _c1967 |
||
| 300 | _a97 | ||
| 520 | _aपुस्तक बाजुला ठेवले आहे | ||
| 620 | _aपुस्तक बाजुला ठेवले आहे | ||
| 630 | _aस्वप्नगंधा | ||
| 730 | _aस्वप्नगंधा | ||
| 942 | _cBOOK | ||
| 999 |
_c405497 _d405494 |
||